Did you know? : (Record no. 7059)

MARC details
000 -LEADER
fixed length control field 01057nam a2200301 a 4500
001 - CONTROL NUMBER
control field 1605969
003 - CONTROL NUMBER IDENTIFIER
control field GBCCL
005 - DATE AND TIME OF LATEST TRANSACTION
control field 20241126110618.0
008 - FIXED-LENGTH DATA ELEMENTS--GENERAL INFORMATION
fixed length control field 931111s1990 enkab f 001 0 eng d
010 ## -
-- 94179134
020 ## - INTERNATIONAL STANDARD BOOK NUMBER
International Standard Book Number 0276420144
035 ## - SYSTEM CONTROL NUMBER
System control number (OCoLC)29471598
040 ## - CATALOGING SOURCE
Original cataloging agency Uk
Transcribing agency Uk
Modifying agency DLC
042 ## -
-- lccopycat
050 00 -
-- AG105
-- .D53 1990
082 00 - DEWEY DECIMAL CLASSIFICATION NUMBER
Classification number 031.02
Edition information 20
Item number REA
245 00 - TITLE STATEMENT
Title Did you know? :
Remainder of title new insights into a world that is full of astonishing stories and astounding facts.
260 ## - PUBLICATION, DISTRIBUTION, ETC.
Place of publication, distribution, etc. London ;
-- New York :
Name of publisher, distributor, etc. Reader's Digest Association Limited,
Date of publication, distribution, etc. c1990.
300 ## - PHYSICAL DESCRIPTION
Extent 384 p. :
Other physical details ill. (some col.), maps ;
Dimensions 29 cm.
500 ## - GENERAL NOTE
General note Includes index.
650 00 - SUBJECT ADDED ENTRY--TOPICAL TERM
Topical term or geographic name entry element Handbooks, vade-mecums, etc.
9 (RLIN) 11636
650 00 - SUBJECT ADDED ENTRY--TOPICAL TERM
Topical term or geographic name entry element Curiosities and wonders.
9 (RLIN) 12309
653 0# - INDEX TERM--UNCONTROLLED
Uncontrolled term Miscellaneous facts
710 2# - ADDED ENTRY--CORPORATE NAME
Corporate name or jurisdiction name as entry element Reader's Digest Association (Great Britain)
9 (RLIN) 12304
906 ## - LOCAL DATA ELEMENT F, LDF (RLIN)
a 7
b cbc
c copycat
d 3
e ncip
f 19
g y-gencatlg
942 ## - ADDED ENTRY ELEMENTS (KOHA)
Source of classification or shelving scheme Dewey Decimal Classification
Koha item type Reference Books
Holdings
Withdrawn status Lost status Source of classification or shelving scheme Damaged status Not for loan Home library Current Library Shelving location Date acquired Total checkouts Full call number Barcode Date last seen Copy number Price effective from Koha item type
    Dewey Decimal Classification     GRACE BIBLE COLLEGE GRACE BIBLE COLLEGE Encyclopedia 2018-07-06   031.02 REA 003366 2025-05-01 c.1 2018-07-06 Reference Books
© Grace Bible College Library 2025